<?xml version="1.0" encoding="UTF-8"?>
<collection xmlns="http://www.loc.gov/MARC21/slim">
 <record>
  <leader>02274nam a2200229Ia 4500</leader>
  <controlfield tag="001">CTU_155966</controlfield>
  <controlfield tag="008">210402s9999    xx            000 0 und d</controlfield>
  <datafield tag="020" ind1=" " ind2=" ">
   <subfield code="c">295000</subfield>
  </datafield>
  <datafield tag="082" ind1=" " ind2=" ">
   <subfield code="a">332.1</subfield>
  </datafield>
  <datafield tag="082" ind1=" " ind2=" ">
   <subfield code="b">V308</subfield>
  </datafield>
  <datafield tag="110" ind1=" " ind2=" ">
   <subfield code="a">Việt Nam</subfield>
  </datafield>
  <datafield tag="110" ind1=" " ind2=" ">
   <subfield code="b">Bộ Tài chính</subfield>
  </datafield>
  <datafield tag="245" ind1=" " ind2="0">
   <subfield code="a">Văn bản mới về công tác điều hành quản lý tài chính, tín dụng, cổ phiếu, ngoại hối, bảo hiểm, chứng khoán dành cho lãnh đạo ngân hàng, tổ chức tín dụng và công ty tài chính</subfield>
  </datafield>
  <datafield tag="245" ind1=" " ind2="0">
   <subfield code="c">Việt Nam (Cộng hòa Xã hội Chủ nghĩa). Bộ Tài chính ; Quý Long, Kim Thư sưu tầm và hệ thống hóa</subfield>
  </datafield>
  <datafield tag="260" ind1=" " ind2=" ">
   <subfield code="a">Hà Nội</subfield>
  </datafield>
  <datafield tag="260" ind1=" " ind2=" ">
   <subfield code="b">Lao động</subfield>
  </datafield>
  <datafield tag="260" ind1=" " ind2=" ">
   <subfield code="c">2010</subfield>
  </datafield>
  <datafield tag="520" ind1=" " ind2=" ">
   <subfield code="a">Nội dung cuốn sách bao gồm những phần chính sau: Phần thứ nhất: Quy định mới nhất về tổ chức hoạt động và quản lý hệ thống của ngành ngân hàng và các tổ chức tín dụng. Phần thứ hai: Hướng dẫn mới về quản trị, điều hành, cổ phiếu, cổ đông, vốn điều lệ của ngân hàng thương mại. Phần thứ ba: Hướng dẫn mới về nghiệp vụ công tác của ngành ngân hàng. Phần thứ tư: Quy chế quản lý tài chính và chế độ báo cáo tài chính đối với ngành ngân hàng. Phần thứ năm: Quy định về hoạt động và quản lý tài chính của các tổ chức tín dụng. Phần thư sáu: Quy định chung về mua, cho thuê, thu hồi và xử lý tài sản của công ty tài chính. Phần thứ bảy: Quy định của nhà nước về quản lý tài chính đối với bảo hiểm tiền gửi. Phần thứ tám: Hướng dẫn mới nhất về quản lý chứng khoán và thị trường chứng khoáng Việt Nam.</subfield>
  </datafield>
  <datafield tag="650" ind1=" " ind2=" ">
   <subfield code="a">Banks and banking,Credits</subfield>
  </datafield>
  <datafield tag="650" ind1=" " ind2=" ">
   <subfield code="x">Ngân hàng và nghiệp vụ ngân hàng</subfield>
  </datafield>
  <datafield tag="904" ind1=" " ind2=" ">
   <subfield code="i">Kim Thanh</subfield>
  </datafield>
  <datafield tag="980" ind1=" " ind2=" ">
   <subfield code="a">Trung tâm Học liệu Trường Đại học Cần Thơ</subfield>
  </datafield>
 </record>
</collection>
